| 000 | 00578cam a22001577a 4500 | ||
|---|---|---|---|
| 008 | 180718b2005 xxu||||| |||| 00| 0 eng d | ||
| 100 | _aHildebrandt, Nicole | ||
| 245 |
_aThe effects of migration on child health in Mexico _cby Nicole Hildebrandt and David J. McKenzie |
||
| 260 |
_aWashington, D.C. _bWorld Bank _c2005 |
||
| 300 | _a35p. | ||
| 440 | _aPolicy research working paper; no. 3573 | ||
| 650 | _aUnited States --Emigration and immigration | ||
| 650 | _aMexico --Emigration and immigration | ||
| 650 | _aChild health services --Mexico | ||
| 700 | _aMcKenzie, David J. | ||
| 999 |
_c292272 _d292272 |
||